[Event "Gibraltar Masters 17th"]
[Site "Caleta"]
[Date "2019.01.30"]
[Round "9"]
[White "Whatley, Stephen Arthur"]
[Black "Cramling Bellon, Anna"]
[Result "1-0"]
[WhiteElo "2171"]
[BlackElo "2025"]
[PlyCount "83"]
[EventDate "2019.01.22"]
[EventType "swiss"]
[EventRounds "10"]
[EventCountry "GGB"]
[SourceTitle "CBM 188 Extra"]
[Source "ChessBase"]
[SourceDate "2019.02.26"]
[SourceVersion "1"]
[SourceVersionDate "2019.02.26"]
[SourceQuality "1"]

1. e4 c5 2. Nf3 e6 3. g3 Nc6 4. Bg2 g6 5. 0-0 Bg7 6. c3 e5 7. Na3 d6 8. Nc2 Nge7 9. d4 exd4 10. cxd4 Bg4 11. Be3 Qb6 12. d5 Nb4 13. Nxb4 Qxb4 14. Qd2 Qxd2 15. Nxd2 Be2 16. Rfe1 Ba6 17. e5 Bxe5 18. Bxc5 b6 19. Ba3 Kd7 20. Rad1 h6 21. Ne4 f5 22. f4 fxe4 23. fxe5 dxe5 24. Bxe4 Rae8 25. g4 h5 26. d6 Nc6 27. Bxg6 Nd4 28. Bxe8+ Rxe8 29. Rxd4 exd4 30. Rxe8 Kxe8 31. gxh5 d3 32. Bb4 Bc4 33. Kf2 Bxa2 34. Ke3 Kd7 35. Kxd3 a5 36. Ba3 b5 37. Bc5 Kc6 38. Kd4 Bf7 39. h6 Bg8 40. Ke5 Bh7 41. Ke6 Bd3 42. d7 1-0

[Event "Gibraltar Masters 17th"]
[Site "Caleta"]
[Date "2019.01.29"]
[Round "8"]
[White "Krishna Teja, N."]
[Black "Whatley, Stephen Arthur"]
[Result "1-0"]
[WhiteElo "2371"]
[BlackElo "2171"]
[PlyCount "45"]
[EventDate "2019.01.22"]
[EventType "swiss"]
[EventRounds "10"]
[EventCountry "GGB"]
[SourceTitle "CBM 188 Extra"]
[Source "ChessBase"]
[SourceDate "2019.02.26"]
[SourceVersion "1"]
[SourceVersionDate "2019.02.26"]
[SourceQuality "1"]

1. d4 Nf6 2. c4 c5 3. d5 b5 4. Nf3 g6 5. cxb5 a6 6. b6 d6 7. Nc3 Bg7 8. e4 0-0 9. a4 Qxb6 10. a5 Qd8 11. Be2 Nbd7 12. 0-0 Rb8 13. Nd2 Ne8 14. Nc4 Nc7 15. Na4 f5 16. exf5 gxf5 17. Ra3 Nf6 18. Ncb6 e5 19. dxe6 Bxe6 20. Rd3 Qe7 21. Rxd6 Ne4 22. Bf4 Rbe8 23. Rc6 1-0

[Event "Andalucia-chT Honor Occidental"]
[Site "Andalucia"]
[Date "2018.11.17"]
[Round "5.17"]
[White "Cruz Ravina, Francisco Javier"]
[Black "Whatley, Stephen Arthur"]
[Result "1-0"]
[WhiteElo "2333"]
[BlackElo "2185"]
[PlyCount "93"]
[EventDate "2018.09.30"]
[EventType "team-tourn"]
[EventRounds "7"]
[EventCountry "ESP"]
[SourceTitle "EXT 2020"]
[Source "ChessBase"]
[SourceDate "2019.10.17"]
[SourceVersion "1"]
[SourceVersionDate "2019.10.17"]
[SourceQuality "1"]
[WhiteTeam "Bahia Sur Pai Hotel"]
[BlackTeam "Reina Cristina Algeciras"]
[WhiteTeamCountry "ESP"]
[BlackTeamCountry "ESP"]

1. Nf3 f5 2. e4 fxe4 3. Ng5 Nf6 4. d3 e6 5. dxe4 Be7 6. e5 Nd5 7. Bd3 Bxg5 8. Qh5+ Kf8 9. Bxg5 Qe8 10. Qxe8+ Kxe8 11. Bd2 Nc6 12. f4 Ndb4 13. Be4 d5 14. exd6 cxd6 15. Bxb4 Nxb4 16. Nd2 d5 17. Bd3 Bd7 18. Nf3 Rc8 19. Kd2 Nxd3 20. cxd3 Rf8 21. g3 Ke7 22. Rac1 Kd6 23. Rxc8 Bxc8 24. d4 Bd7 25. h4 h6 26. Ne5 Bb5 27. Rc1 Bc6 28. Ke3 Bb5 29. g4 Bc6 30. h5 Bb5 31. g5 Rf5 32. Rc8 hxg5 33. fxg5 Rxg5 34. Nf7+ Kd7 35. Nxg5 Kxc8 36. Nxe6 Kd7 37. Nxg7 Ke7 38. Kf4 Kf6 39. Nf5 Bc4 40. a3 b5 41. h6 Kg6 42. Ke5 a5 43. b4 axb4 44. axb4 Bd3 45. Ne7+ Kxh6 46. Nxd5 Kg6 47. Nf4+ 1-0

[Event "EU-chT U18"]
[Site "Rymanow Zdroj"]
[Date "2017.08.18"]
[Round "2.8"]
[White "Whatley, Stephen Arthur"]
[Black "Macko, Miroslav"]
[Result "0-1"]
[WhiteElo "2172"]
[BlackElo "2304"]
[PlyCount "92"]
[EventDate "2017.08.17"]
[EventType "team-swiss"]
[EventRounds "7"]
[EventCountry "POL"]
[SourceTitle "CBM 180 Extra"]
[Source "ChessBase"]
[SourceDate "2017.10.06"]
[SourceVersion "1"]
[SourceVersionDate "2017.10.06"]
[SourceQuality "1"]
[WhiteTeam "England U18"]
[BlackTeam "Slovakia U18 II"]
[WhiteTeamCountry "ENG"]
[BlackTeamCountry "SVK"]

1. d4 Nf6 2. Nf3 c5 3. d5 b5 4. Bg5 Qb6 5. Bxf6 Qxf6 6. c3 Bb7 7. e4 a6 8. a4 b4 9. cxb4 cxb4 10. Qc2 Qb6 11. a5 Qd8 12. Bc4 e6 13. 0-0 Be7 14. Rd1 Qc7 15. Qb3 0-0 16. Nd4 exd5 17. exd5 Bc5 18. d6 Qd8 19. Nf5 Qg5 20. Ne7+ Kh8 21. Bd5 Nc6 22. Nxc6 Bxc6 23. Bxc6 dxc6 24. Nd2 Bxd6 25. Qf3 Be5 26. g3 Bxb2 27. Ne4 Qe5 28. Ra2 c5 29. Nd6 Qf6 30. Nxf7+ Kg8 31. Qd5 Qxf7 32. Rxb2 Qxd5 33. Rxd5 Rfc8 34. Kf1 Rab8 35. Ke1 Rb5 36. Kd1 Rxa5 37. Rd6 Ra1+ 38. Kc2 a5 39. Ra6 a4 40. f4 a3 41. Rb3 Ra2+ 42. Kb1 Rxh2 43. Re3 c4 44. Ra4 c3 45. Re1 c2+ 46. Kc1 b3 0-1

[Event "Gibraltar Masters 15th"]
[Site "Caleta"]
[Date "2017.02.01"]
[Round "9"]
[White "Kantane, Anna"]
[Black "Whatley, Stephen Arthur"]
[Result "1/2-1/2"]
[WhiteElo "2259"]
[BlackElo "2127"]
[PlyCount "108"]
[EventDate "2017.01.24"]
[EventType "swiss"]
[EventRounds "10"]
[EventCountry "GGB"]
[SourceTitle "CBM 177"]
[Source "ChessBase"]
[SourceDate "2017.03.16"]
[SourceVersion "1"]
[SourceVersionDate "2017.03.16"]
[SourceQuality "1"]

1. e4 c5 2. Nf3 Nc6 3. d4 cxd4 4. Nxd4 Qc7 5. Nc3 e6 6. f4 a6 7. Be3 Bb4 8. Bd3 Nf6 9. Qf3 b5 10. 0-0 Bb7 11. a4 Nxd4 12. Bxd4 Bc5 13. Bxc5 Qxc5+ 14. Kh1 b4 15. Nd1 d5 16. Nf2 dxe4 17. Nxe4 Nxe4 18. Bxe4 Bxe4 19. Qxe4 0-0 20. f5 exf5 21. Rxf5 Qd6 22. Raf1 Rac8 23. h3 Rc7 24. R1f2 Re7 25. Qc4 Qd1+ 26. Rf1 Qd6 27. Rc5 Qd2 28. Qxa6 Re2 29. Qb7 Rf2 30. Rxf2 Qxf2 31. Qxb4 h6 32. Rb5 Qxc2 33. Qf4 g5 34. Qd6 Qc8 35. Rc5 Qe8 36. Qxh6 f6 37. Rb5 Qe1+ 38. Kh2 Qe4 39. Qh5 Qf4+ 40. Kg1 Qxa4 41. Qe2 Qd4+ 42. Qf2 Qd1+ 43. Kh2 Qa4 44. Qf5 Qd4 45. Qf3 Kg7 46. Rb7+ Kg6 47. Rb3 Kh6 48. Qd3 Qf4+ 49. Qg3 Qd4 50. Qe3 Qd6+ 51. Kg1 Qd1+ 52. Kh2 Qd6+ 53. Qg3 Qd4 54. Qe3 Qd6+ 1/2-1/2

[Event "Gibraltar Masters 15th"]
[Site "Caleta"]
[Date "2017.01.31"]
[Round "8"]
[White "Whatley, Stephen Arthur"]
[Black "Broekman, Willem"]
[Result "1-0"]
[WhiteElo "2127"]
[BlackElo "1997"]
[PlyCount "51"]
[EventDate "2017.01.24"]
[EventType "swiss"]
[EventRounds "10"]
[EventCountry "GGB"]
[SourceTitle "CBM 177"]
[Source "ChessBase"]
[SourceDate "2017.03.16"]
[SourceVersion "1"]
[SourceVersionDate "2017.03.16"]
[SourceQuality "1"]

1. e4 e6 2. d4 d5 3. Nc3 Bb4 4. exd5 exd5 5. Bd3 Ne7 6. Qf3 Nbc6 7. Nge2 0-0 8. a3 Bxc3+ 9. bxc3 Ng6 10. 0-0 Be6 11. Ng3 Qd7 12. h3 Rfe8 13. Nh5 Qd6 14. Bg5 Qf8 15. Qg3 Rac8 16. h4 f5 17. Rfe1 Qf7 18. Rab1 Na5 19. Qh3 c6 20. Rxe6 Qxe6 21. Bxf5 Qe2 22. Ng3 Qc4 23. Bxc8 Qa2 24. Rf1 Qxc2 25. Qd7 Rf8 26. h5 1-0

[Event "Gibraltar Masters 15th"]
[Site "Caleta"]
[Date "2017.01.30"]
[Round "7"]
[White "Pourkashiyan, Atousa"]
[Black "Whatley, Stephen Arthur"]
[Result "1-0"]
[WhiteElo "2303"]
[BlackElo "2127"]
[PlyCount "89"]
[EventDate "2017.01.24"]
[EventType "swiss"]
[EventRounds "10"]
[EventCountry "GGB"]
[SourceTitle "CBM 177"]
[Source "ChessBase"]
[SourceDate "2017.03.16"]
[SourceVersion "1"]
[SourceVersionDate "2017.03.16"]
[SourceQuality "1"]

1. e4 c5 2. Nf3 Nc6 3. d4 cxd4 4. Nxd4 Qc7 5. Nc3 e6 6. Be2 a6 7. 0-0 Nf6 8. Be3 Bb4 9. Na4 0-0 10. c4 Be7 11. Nc3 d6 12. Rc1 Ne5 13. b3 Ng6 14. f3 Bd7 15. Qd2 Ne8 16. Rfd1 Qd8 17. Bf1 h6 18. a4 Bf6 19. Nc2 Ne5 20. Kh1 Bc6 21. Bg1 Ng6 22. Be3 Be5 23. Ne2 Qe7 24. Nb4 Rd8 25. Bb6 Rd7 26. Nxc6 bxc6 27. f4 Rb7 28. fxe5 Rxb6 29. exd6 Qd8 30. c5 Rxb3 31. Nd4 Ra3 32. Nxc6 Qd7 33. Nb8 Qd8 34. d7 Nf6 35. Nc6 Qxd7 36. Qxd7 Nxd7 37. Rxd7 Rxa4 38. Ne7+ Nxe7 39. Rxe7 Rc8 40. c6 Rxe4 41. c7 Kf8 42. Rd7 Ke8 43. Rcd1 Re1 44. Rd8+ Ke7 45. Rxe1 1-0

[Event "Gibraltar Masters 15th"]
[Site "Caleta"]
[Date "2017.01.29"]
[Round "6"]
[White "Whatley, Stephen Arthur"]
[Black "Wantiez, Fabrice"]
[Result "1/2-1/2"]
[WhiteElo "2127"]
[BlackElo "2312"]
[PlyCount "131"]
[EventDate "2017.01.24"]
[EventType "swiss"]
[EventRounds "10"]
[EventCountry "GGB"]
[SourceTitle "CBM 177"]
[Source "ChessBase"]
[SourceDate "2017.03.16"]
[SourceVersion "1"]
[SourceVersionDate "2017.03.16"]
[SourceQuality "1"]

1. e4 e5 2. Nf3 Nc6 3. Bc4 g6 4. d4 exd4 5. c3 d6 6. cxd4 Bg7 7. Qb3 Qd7 8. Bd2 Nf6 9. d5 Ne5 10. Nxe5 dxe5 11. Bb4 Nxe4 12. Nc3 Nd6 13. Bxd6 Qxd6 14. Nb5 Qb6 15. d6 cxd6 16. Bxf7+ Ke7 17. Rd1 Rd8 18. Rc1 Bd7 19. Rc7 Rac8 20. Rxd7+ Rxd7 21. Qe6+ Kf8 22. Qxd7 Rd8 23. Qe6 Qxb5 24. Bg8 Qd7 25. Qd5 Bf6 26. 0-0 Kg7 27. Be6 Qc6 28. Qxc6 bxc6 29. Rc1 c5 30. b3 Bg5 31. Rd1 Kf6 32. Bd5 Ke7 33. Kf1 Rf8 34. Ke2 Bh4 35. f3 Bg5 36. h3 Bh4 37. Be4 Rd8 38. Bd5 Kf6 39. Rg1 Bg3 40. Rc1 h5 41. Rc4 Rd7 42. Bc6 Rc7 43. Bd5 Bf4 44. Rc2 a5 45. Rc4 Ra7 46. Bg8 Ke7 47. Bd5 Kd8 48. Be4 h4 49. Bd5 Kc7 50. Be4 Kb6 51. Bd5 Rh7 52. Be4 d5 53. Bxd5 Rd7 54. Be4 Rd2+ 55. Kf1 Rxa2 56. Rc2 Rxc2 57. Bxc2 c4 58. Ke2 Kc5 59. Kd1 Kb4 60. bxc4 a4 61. Bxg6 a3 62. Kc2 e4 63. Bxe4 Be5 64. Kb1 Kb3 65. Bc2+ Kc3 66. Ba4 1/2-1/2

[Event "Gibraltar Masters 15th"]
[Site "Caleta"]
[Date "2017.01.28"]
[Round "5"]
[White "Green, Per"]
[Black "Whatley, Stephen Arthur"]
[Result "0-1"]
[WhiteElo "1956"]
[BlackElo "2127"]
[PlyCount "128"]
[EventDate "2017.01.24"]
[EventType "swiss"]
[EventRounds "10"]
[EventCountry "GGB"]
[SourceTitle "CBM 177"]
[Source "ChessBase"]
[SourceDate "2017.03.16"]
[SourceVersion "1"]
[SourceVersionDate "2017.03.16"]
[SourceQuality "1"]

1. Nf3 f5 2. d4 Nf6 3. g3 g6 4. Bg2 Bg7 5. 0-0 0-0 6. b3 d6 7. Bb2 c6 8. Nbd2 Na6 9. c4 Nc7 10. Qc2 Kh8 11. e4 fxe4 12. Nxe4 Bf5 13. Nh4 Nxe4 14. Bxe4 Bxe4 15. Qxe4 Qd7 16. Rae1 Rae8 17. Qd3 g5 18. Ng2 d5 19. f4 dxc4 20. bxc4 c5 21. Rd1 Rd8 22. fxg5 Rxf1+ 23. Qxf1 Ne6 24. Ne3 Bxd4 25. Bxd4+ Nxd4 26. Qf7 Qe6 27. Qxe6 Nxe6 28. Rxd8+ Nxd8 29. Kf2 Nf7 30. h4 Ne5 31. Ke2 e6 32. g4 a6 33. a4 Ng6 34. Ng2 Ne5 35. Ne3 Kg7 36. Kd1 Kf7 37. Kc2 Ke7 38. Kc3 Kd6 39. h5 Ke7 40. Kc2 Kf7 41. Kc3 Nf3 42. Kd3 Nxg5 43. Ng2 Kf6 44. Ke3 Nf7 45. Kf4 e5+ 46. Ke4 Ke6 47. Ne3 Nd6+ 48. Kd3 Kf6 49. Ke2 Kg5 50. Kf3 e4+ 51. Kg3 b5 52. axb5 axb5 53. cxb5 Nxb5 54. Nc4 h6 55. Ne5 Nd6 56. Ng6 c4 57. Nf4 c3 58. Nh3+ Kf6 59. g5+ hxg5 60. Ng1 c2 61. Ne2 Nc4 62. Kg4 Ne5+ 63. Kg3 Nd3 64. Kg4 c1Q 0-1

[Event "Gibraltar Masters 15th"]
[Site "Caleta"]
[Date "2017.01.24"]
[Round "1"]
[White "Liang, Awonder"]
[Black "Whatley, Stephen Arthur"]
[Result "1-0"]
[WhiteElo "2496"]
[BlackElo "2127"]
[PlyCount "69"]
[EventDate "2017.01.24"]
[EventType "swiss"]
[EventRounds "10"]
[EventCountry "GGB"]
[SourceTitle "CBM 177"]
[Source "ChessBase"]
[SourceDate "2017.03.16"]
[SourceVersion "1"]
[SourceVersionDate "2017.03.16"]
[SourceQuality "1"]

1. e4 c5 2. Nf3 e6 3. d4 cxd4 4. Nxd4 Nc6 5. Nc3 Qc7 6. Be3 a6 7. Qf3 Bd6 8. 0-0-0 Nxd4 9. Bxd4 Nf6 10. g4 Be5 11. g5 Bxd4 12. Rxd4 Qc5 13. Rd2 Qxg5 14. h4 Qh5 15. Qg3 Qg6 16. Qe3 h5 17. f3 Qh6 18. Qc5 Qf4 19. e5 b6 20. Qd6 Nd5 21. Nxd5 exd5 22. Qxd5 Ra7 23. Qd6 Ra8 24. Rg1 Rh6 25. Qd5 Ra7 26. Rxg7 Kf8 27. Rg1 Qxh4 28. Bc4 d6 29. Rdg2 Qf4+ 30. Kb1 Rc7 31. Rg8+ Ke7 32. Rxc8 Rd7 33. Qa8 dxe5 34. Re8+ Kd6 35. Rd1+ 1-0

[Event "EU-ch U18 26th"]
[Site "Prague"]
[Date "2016.08.26"]
[Round "8"]
[White "Salim, Riza"]
[Black "Whatley, Stephen Arthur"]
[Result "0-1"]
[WhiteElo "2146"]
[BlackElo "2073"]
[PlyCount "66"]
[EventDate "2016.08.18"]
[EventType "swiss"]
[EventRounds "9"]
[EventCountry "CZE"]
[SourceTitle "CBM 174 Extra"]
[Source "ChessBase"]
[SourceDate "2016.10.10"]
[SourceVersion "1"]
[SourceVersionDate "2016.10.10"]
[SourceQuality "1"]

1. e4 c5 2. Nf3 Nc6 3. d4 cxd4 4. Nxd4 Qc7 5. c4 Nf6 6. Nc3 e6 7. Be3 Bb4 8. f3 0-0 9. Rc1 d5 10. Nxc6 bxc6 11. Bd2 dxe4 12. Nxe4 Rd8 13. Nc3 Ba6 14. Qa4 Qd6 15. Rd1 Bc5 16. Ne2 Rab8 17. Qc2 Rb7 18. Rc1 Rbd7 19. Bf4 e5 20. Bg5 e4 21. Bxf6 Qxf6 22. Qc3 Qd6 23. Qc2 e3 24. Rb1 Bxc4 25. Nc3 Bxf1 26. Kxf1 Qd2 27. Qxd2 Rxd2 28. Ne4 Rd1+ 29. Ke2 R1d2+ 30. Nxd2 Rxd2+ 31. Ke1 Bb4 32. Kf1 e2+ 33. Kf2 e1Q+ 0-1

[Event "EU-ch U18 26th"]
[Site "Prague"]
[Date "2016.08.21"]
[Round "4"]
[White "Whatley, Stephen Arthur"]
[Black "Nikolovski, Nikola"]
[Result "0-1"]
[WhiteElo "2073"]
[BlackElo "2252"]
[PlyCount "100"]
[EventDate "2016.08.18"]
[EventType "swiss"]
[EventRounds "9"]
[EventCountry "CZE"]
[SourceTitle "CBM 174 Extra"]
[Source "ChessBase"]
[SourceDate "2016.10.10"]
[SourceVersion "1"]
[SourceVersionDate "2016.10.10"]
[SourceQuality "1"]

1. d4 c5 2. c3 Nf6 3. Nf3 e6 4. Bg5 b6 5. e4 h6 6. Bxf6 gxf6 7. Nbd2 d6 8. g3 Be7 9. Bg2 Nd7 10. 0-0 Bb7 11. Qe2 Qc7 12. a4 a6 13. Nh4 h5 14. f4 0-0-0 15. d5 Rdg8 16. c4 f5 17. Ndf3 fxe4 18. Ng5 Bxg5 19. fxg5 Ne5 20. dxe6 fxe6 21. Bxe4 Rxg5 22. Rf6 Bxe4 23. Qxe4 Qb7 24. Qf4 Rg4 25. Rf8+ Kd7 26. Rxh8 Rxf4 27. gxf4 Kc6 28. Rxh5 Qf7 29. Rxe5 dxe5 30. fxe5 Qf4 31. Ng2 Qxc4 32. Rd1 Qxa4 33. Rd6+ Kc7 34. h4 Qa1+ 35. Kh2 Qxb2 36. Rxe6 Qe2 37. Kg3 Qd3+ 38. Kg4 Qe2+ 39. Kg3 Qd3+ 40. Kg4 c4 41. Nf4 Qd1+ 42. Kf5 c3 43. h5 c2 44. h6 c1Q 45. Re7+ Kc6 46. h7 Qd8 47. Ng6 Qf1+ 48. Kg5 Qd2+ 49. Kh5 Qh3+ 50. Nh4 Qd8 0-1

[Event "Novi Sad Riblje Ostrvo 3rd"]
[Site "Novi Sad"]
[Date "2016.07.25"]
[Round "6"]
[White "Fernandez, Michael"]
[Black "Whatley, Stephen Arthur"]
[Result "0-1"]
[WhiteElo "2273"]
[BlackElo "2065"]
[PlyCount "92"]
[EventDate "2016.07.22"]
[EventType "tourn"]
[EventRounds "9"]
[EventCountry "SRB"]
[SourceTitle "CBM 173 Extra"]
[Source "ChessBase"]
[SourceDate "2016.08.29"]
[SourceVersion "1"]
[SourceVersionDate "2016.08.29"]
[SourceQuality "1"]

1. Nf3 f5 2. c4 Nf6 3. Nc3 g6 4. d4 Bg7 5. Qd3 0-0 6. g3 d6 7. Bg2 c6 8. Bg5 Na6 9. 0-0 Qc7 10. e4 e5 11. Bxf6 Bxf6 12. dxe5 dxe5 13. exf5 gxf5 14. Qe3 Be6 15. Rfe1 Nb4 16. Rac1 Rad8 17. Red1 Qg7 18. Bf1 Rde8 19. Qxa7 e4 20. Nd4 Bg5 21. Nce2 Bxc1 22. Nxc1 f4 23. a3 fxg3 24. fxg3 Bg4 25. Re1 Na6 26. Nce2 c5 27. Nb5 Bxe2 28. Rxe2 Qf7 29. Bh3 Qxc4 30. Nc3 Qd4+ 31. Kg2 Re7 32. Qb6 Rf6 33. Qb3+ c4 34. Qb5 Nc5 35. Bg4 Ref7 36. Nxe4 Nxe4 37. Qe8+ Kg7 38. Qxe4 Rf2+ 39. Kh3 Qxe4 40. Rxe4 b5 41. a4 Rxb2 42. axb5 Rc7 43. b6 Rxb6 44. Re1 c3 45. Rc1 Kf6 46. Kg2 c2 0-1

[Event "Novi Sad Riblje Ostrvo 3rd"]
[Site "Novi Sad"]
[Date "2016.07.25"]
[Round "5"]
[White "Kosanovic, Goran A"]
[Black "Whatley, Stephen Arthur"]
[Result "1-0"]
[WhiteElo "2392"]
[BlackElo "2065"]
[PlyCount "71"]
[EventDate "2016.07.22"]
[EventType "tourn"]
[EventRounds "9"]
[EventCountry "SRB"]
[SourceTitle "CBM 173 Extra"]
[Source "ChessBase"]
[SourceDate "2016.08.29"]
[SourceVersion "1"]
[SourceVersionDate "2016.08.29"]
[SourceQuality "1"]

1. d4 f5 2. Nc3 Nf6 3. Bg5 d5 4. Bxf6 exf6 5. e3 c6 6. Bd3 Bd6 7. g3 Be6 8. h4 h5 9. Nh3 g6 10. Ne2 Nd7 11. c3 Qc7 12. Qc2 0-0-0 13. c4 Bf7 14. c5 Be7 15. b4 Nf8 16. a4 Ne6 17. Qc3 Kd7 18. b5 Ke8 19. 0-0 Kf8 20. Rfb1 Kg7 21. a5 Ra8 22. a6 bxa6 23. bxc6 Qxc6 24. Rxa6 Qd7 25. Qa3 Nd8 26. Ra1 Nc6 27. Bb5 Rhc8 28. Nhf4 g5 29. hxg5 fxg5 30. Nd3 Qb7 31. Bxc6 Rxc6 32. Rxa7 Rxa7 33. Qxa7 Qb3 34. Ne5 Re6 35. Qa2 Qb7 36. Rb1 1-0

[Event "Novi Sad Riblje Ostrvo 3rd"]
[Site "Novi Sad"]
[Date "2016.07.23"]
[Round "3"]
[White "Kostic, Vladimir G"]
[Black "Whatley, Stephen Arthur"]
[Result "1-0"]
[WhiteElo "2371"]
[BlackElo "2065"]
[PlyCount "105"]
[EventDate "2016.07.22"]
[EventType "tourn"]
[EventRounds "9"]
[EventCountry "SRB"]
[SourceTitle "CBM 173 Extra"]
[Source "ChessBase"]
[SourceDate "2016.08.29"]
[SourceVersion "1"]
[SourceVersionDate "2016.08.29"]
[SourceQuality "1"]

1. e4 c5 2. Nf3 Nc6 3. Bb5 e6 4. 0-0 Nge7 5. b3 Qc7 6. Bb2 d6 7. a4 a6 8. Be2 e5 9. c3 Ng6 10. d4 Be7 11. Nbd2 0-0 12. Nc4 Nf4 13. Ne3 exd4 14. cxd4 Bf6 15. Bc4 Rb8 16. Qd2 b5 17. axb5 axb5 18. Nd5 Nxd5 19. Bxd5 Nb4 20. dxc5 Bxb2 21. Qxb2 dxc5 22. Qe5 Qb6 23. Qg3 Be6 24. Rad1 Rbd8 25. Bxe6 Qxe6 26. Ng5 Qg6 27. Qe3 Rd4 28. Nf3 Rxd1 29. Rxd1 Qe6 30. Ng5 Qe7 31. h4 h6 32. Nf3 Rc8 33. e5 c4 34. bxc4 bxc4 35. Qc3 Na2 36. Qc2 Qa3 37. Qf5 Qc5 38. Rd7 Rf8 39. Nd4 c3 40. Qe4 Nb4 41. e6 c2 42. Nxc2 fxe6 43. Qxe6+ Kh8 44. Ne3 Nc2 45. Qg6 Qc3 46. Qxc2 Qe1+ 47. Kh2 Qxf2 48. Qxf2 Rxf2 49. Kg3 Rf6 50. Nd5 Rg6+ 51. Kf3 Ra6 52. g4 h5 53. g5 1-0

[Event "Novi Sad Riblje Ostrvo 3rd"]
[Site "Novi Sad"]
[Date "2016.07.23"]
[Round "2"]
[White "Whatley, Stephen Arthur"]
[Black "Peycheva, Gergana"]
[Result "1-0"]
[WhiteElo "2065"]
[BlackElo "2016"]
[PlyCount "35"]
[EventDate "2016.07.22"]
[EventType "tourn"]
[EventRounds "9"]
[EventCountry "SRB"]
[SourceTitle "CBM 173 Extra"]
[Source "ChessBase"]
[SourceDate "2016.08.29"]
[SourceVersion "1"]
[SourceVersionDate "2016.08.29"]
[SourceQuality "1"]

1. d4 Nf6 2. Nf3 e6 3. Bg5 h6 4. Bxf6 Qxf6 5. e4 d5 6. Nbd2 c5 7. Bb5+ Bd7 8. Qe2 cxd4 9. exd5 Be7 10. dxe6 fxe6 11. Ne4 Qg6 12. Ne5 Qf5 13. Ng3 Bb4+ 14. c3 dxc3 15. 0-0 Qg5 16. Nxd7 Nxd7 17. Qxe6+ Qe7 18. Bxd7+ 1-0

[Event "Novi Sad Riblje Ostrvo 3rd"]
[Site "Novi Sad"]
[Date "2016.07.22"]
[Round "1"]
[White "Zhou, Qiyu"]
[Black "Whatley, Stephen Arthur"]
[Result "1-0"]
[WhiteElo "2184"]
[BlackElo "2065"]
[PlyCount "65"]
[EventDate "2016.07.22"]
[EventType "tourn"]
[EventRounds "9"]
[EventCountry "SRB"]
[SourceTitle "CBM 173 Extra"]
[Source "ChessBase"]
[SourceDate "2016.08.29"]
[SourceVersion "1"]
[SourceVersionDate "2016.08.29"]
[SourceQuality "1"]

1. e4 c5 2. Nf3 Nc6 3. d4 cxd4 4. Nxd4 e6 5. Nc3 Qc7 6. Be3 a6 7. Qd2 Nf6 8. f4 Bb4 9. Bd3 0-0 10. a3 Be7 11. 0-0-0 b5 12. e5 Ng4 13. Bg1 f5 14. h3 Nh6 15. Na2 Bb7 16. Be3 Na5 17. Rhg1 Nc4 18. Bxc4 Qxc4 19. Kb1 g6 20. g4 Rac8 21. gxf5 Nxf5 22. Nxf5 Rxf5 23. Qxd7 Qxc2+ 24. Ka1 Qb3 25. Rd3 Qc2 26. Rc1 Qe2 27. Qxe6+ Kg7 28. Qxe7+ Rf7 29. Qd6 Re8 30. Rdc3 Rc8 31. e6 Rxc3 32. Rxc3 Qe1+ 33. Rc1 1-0

[Event "BCF-chT2d 1516 (4NCL) Demotion pool"]
[Site "England"]
[Date "2016.03.20"]
[Round "8.7"]
[White "Coates, Kenneth G"]
[Black "Whatley, Stephen Arthur"]
[Result "0-1"]
[WhiteElo "2145"]
[BlackElo "2162"]
[PlyCount "72"]
[EventDate "2015.11.14"]
[EventType "team-tourn"]
[EventRounds "4"]
[EventCountry "ENG"]
[SourceTitle "EXT 2017"]
[Source "ChessBase"]
[SourceDate "2016.10.25"]
[SourceVersion "1"]
[SourceVersionDate "2016.10.25"]
[SourceQuality "1"]
[WhiteTeam "BCM Dragons"]
[BlackTeam "Brown Jack Witney"]
[WhiteTeamCountry "ENG"]
[BlackTeamCountry "ENG"]

1. d4 f5 2. Nf3 g6 3. Nc3 Nf6 4. Bg5 Bg7 5. Bxf6 exf6 6. e3 d5 7. g3 0-0 8. Bg2 c6 9. Qd2 Nd7 10. 0-0 Nb6 11. b3 a5 12. a4 Be6 13. Rfc1 Nc8 14. Ne2 Nd6 15. Qd3 Qe7 16. c4 Qf7 17. c5 Nc8 18. b4 axb4 19. Qb3 g5 20. Qxb4 Qc7 21. Rcb1 Rb8 22. a5 Ne7 23. Qb6 Qc8 24. Ra3 Ng6 25. Rab3 Ra8 26. Qxb7 Rxa5 27. Qxc8 Bxc8 28. Bf1 f4 29. exf4 Bf5 30. R1b2 gxf4 31. Kg2 Be4 32. Rb8 fxg3 33. hxg3 f5 34. Rxf8+ Nxf8 35. Rb6 Ra3 36. Neg1 Ne6 0-1

[Event "BCF-chT2a 1516 (4NCL)"]
[Site "England"]
[Date "2015.11.15"]
[Round "2.232"]
[White "Whatley, Stephen Arthur"]
[Black "Du Maire, Jerome"]
[Result "1-0"]
[WhiteElo "2132"]
[BlackElo "2172"]
[PlyCount "79"]
[EventDate "2015.11.14"]
[EventType "team-tourn"]
[EventRounds "7"]
[EventCountry "ENG"]
[SourceTitle "CBM 169 Extra"]
[Source "ChessBase"]
[SourceDate "2015.12.18"]
[SourceVersion "1"]
[SourceVersionDate "2015.12.18"]
[SourceQuality "1"]
[WhiteTeam "Brown Jack Witney"]
[BlackTeam "Celtic Tigers"]
[WhiteTeamCountry "ENG"]
[BlackTeamCountry "ENG"]

1. d4 d5 2. Nf3 Nf6 3. Bg5 e6 4. Nbd2 Be7 5. e3 h6 6. Bh4 b6 7. Ne5 0-0 8. Bd3 Bb7 9. c3 c5 10. g4 Nbd7 11. f4 Nxe5 12. fxe5 Nd7 13. Bg3 f6 14. exf6 Nxf6 15. h4 Bd6 16. Bxd6 Qxd6 17. Nf1 cxd4 18. g5 dxc3 19. gxf6 cxb2 20. Rb1 Rxf6 21. Rxb2 Qe5 22. Qe2 Raf8 23. Rg1 Rc8 24. Rc2 Rxc2 25. Bxc2 Qa1+ 26. Kd2 Qxa2 27. Qd3 Rf5 28. Ng3 Qa5+ 29. Kc1 Qa1+ 30. Bb1 Ba6 31. Qc2 Qa3+ 32. Kd1 Qxe3 33. Rg2 Qf3+ 34. Kc1 Qa3+ 35. Kd1 Bc4 36. Kd2 Qb4+ 37. Kc1 Qe1+ 38. Kb2 Qe5+ 39. Kc1 Rf3 40. Qh7+ 1-0

[Event "EU-ch U16 25th"]
[Site "Porec"]
[Date "2015.09.29"]
[Round "8"]
[White "Mulligan, Scott"]
[Black "Whatley, Stephen Arthur"]
[Result "0-1"]
[WhiteElo "1932"]
[BlackElo "2027"]
[PlyCount "64"]
[EventDate "2015.09.21"]
[EventType "swiss"]
[EventRounds "9"]
[EventCountry "CRO"]
[SourceTitle "EXT 2016"]
[Source "ChessBase"]
[SourceDate "2015.10.08"]
[SourceVersion "1"]
[SourceVersionDate "2015.10.08"]
[SourceQuality "1"]

1. e4 c5 2. Nf3 Nc6 3. d4 cxd4 4. Nxd4 e6 5. Nc3 Qc7 6. Be2 a6 7. 0-0 Nf6 8. Be3 Bb4 9. Na4 0-0 10. Nxc6 bxc6 11. Nb6 Rb8 12. Nxc8 Rfxc8 13. Bxa6 Rf8 14. Bd3 Bd6 15. f4 e5 16. f5 Rxb2 17. g4 Qa5 18. Kh1 Bc5 19. Bc1 Rxa2 20. Rxa2 Qxa2 21. g5 Ne8 22. Qg4 Kh8 23. Bd2 Qb2 24. Qh3 Qd4 25. c3 Qd6 26. Rf3 Qe7 27. Bc4 d5 28. exd5 e4 29. g6 Nf6 30. Rg3 e3 31. Bxe3 Qe4+ 32. Qg2 Qxc4 0-1